LEADER 00826nam0 2200277 450 001 000022823 005 20090210175649.0 010 $a88-15-07227-6 100 $a20090210d1999----km-y0itay50------ba 101 0 $aita 102 $aIT 105 $ay-------001yy 200 1 $aBanche e concorrenza in Europa$fa cura di Luigi Paganetto 210 $aBologna$cIl mulino$d1999 215 $a182 p.$d22 cm 225 2 $aForum e convegni 410 0$12001$aForum e convegni 500 10$aBanche e concorrenza in Europa$960074 610 1 $aBanche$aEconomia$aEffetti dell'euro 676 $a332.1094$v21 702 1$aPaganetto,$bLuigi 801 0$aIT$bUNIPARTHENOPE$c20090210$gRICA$2UNIMARC 912 $a000022823 951 $a312/80$b8921$cNAVA2$d2009 996 $aBanche e concorrenza in Europa$960074 997 $aUNIPARTHENOPE LEADER 03106nam 22005653 450 001 996565572803316 005 20231009084510.0 010 $a90-485-5815-8 024 7 $a10.1515/9789048558155 035 $a(CKB)27291323200041 035 $a(MiAaPQ)EBC30607324 035 $a(Au-PeEL)EBL30607324 035 $a(DE-B1597)663279 035 $a(DE-B1597)9789048558155 035 $a(OCoLC)1381165174 035 $a(EXLCZ)9927291323200041 100 $a20231009d2023 uy 0 101 0 $aeng 135 $aurcnu|||||||| 181 $ctxt$2rdacontent 182 $cc$2rdamedia 183 $acr$2rdacarrier 200 14$aThe Riddle of Literary Quality $eA Computational Approach 205 $a1st ed. 210 1$aAmsterdam :$cAmsterdam University Press,$d2023. 210 4$dİ2023. 215 $a1 online resource (234 pages) 311 $a9789048558148 327 $tFrontmatter -- $tContents -- $t1. The Riddle -- $t2. The National Reader Survey -- $t3. Romance, Suspense, and Translations -- $t4. Literary Novels Written by Women -- $t5. Literary Novels Written by Men -- $t6. Style, Gender, and Genre -- $t7. The Riddle of Literary Quality Solved? -- $tAppendix 1: The Survey -- $tAppendix 2: The Books -- $tAppendix 3: The Website -- $tBibliography -- $tTables -- $tFigures -- $tAcknowledgements -- $tIndex 330 $aWhat is literature? Can we measure 'literariness' in texts themselves? The innovative Computational Humanities project The Riddle of Literary Quality asked thousands of Dutch readers for their opinion about contemporary Dutch and translated novels. The public shared which novels they had read, what they really thought of them, and how they judged their quality. Their judgments of the same novels were compared with the results of computational analysis of the books. Using evidence from almost 14,000 readers and building on more textual data than ever before, Van Dalen-Oskam and her team uncovered unconscious biases that shed new light on prejudices many people assumed no longer existed. This monograph explains in an accessible way how the project unfolded, which methods were used, and how the results may change the future of Literary Studies. 606 $aCriticism$xData processing 606 $aDigital humanities$xData processing 606 $aDutch literature$xHistory and criticism 606 $aText data mining$zNetherlands 606 $aLANGUAGE ARTS & DISCIPLINES / Writing / Fiction Writing$2bisacsh 610 $aComputational Literary Studies, Literary fiction, Bestsellers, Bias, Readability. 615 0$aCriticism$xData processing. 615 0$aDigital humanities$xData processing. 615 0$aDutch literature$xHistory and criticism. 615 0$aText data mining 615 7$aLANGUAGE ARTS & DISCIPLINES / Writing / Fiction Writing. 676 $a801.950285 700 $avan Dalen-Oskam$b Karina$01429664 801 0$bMiAaPQ 801 1$bMiAaPQ 801 2$bMiAaPQ 906 $aBOOK 912 $a996565572803316 996 $aThe Riddle of Literary Quality$93568852 997 $aUNISA LEADER 03912nam 22005415 450 001 996546839203316 005 20240416201141.0 010 $a9783031174117$b(electronic bk.) 010 $z9783031174100 024 7 $a10.1007/978-3-031-17411-7 035 $a(MiAaPQ)EBC7186293 035 $a(Au-PeEL)EBL7186293 035 $a(CKB)26050278100041 035 $a(DE-He213)978-3-031-17411-7 035 $a(PPN)267811705 035 $a(EXLCZ)9926050278100041 100 $a20230124d2023 u| 0 101 0 $aeng 135 $aurcnu|||||||| 181 $ctxt$2rdacontent 182 $cc$2rdamedia 183 $acr$2rdacarrier 200 10$aFoundation Mathematics for Computer Science$b[electronic resource] $eA Visual Approach /$fby John Vince 205 $a3rd ed. 2023. 210 1$aCham :$cSpringer International Publishing :$cImprint: Springer,$d2023. 215 $a1 online resource (519 pages) 300 $aIncludes index. 311 08$aPrint version: Vince, John Foundation Mathematics for Computer Science Cham : Springer International Publishing AG,c2023 9783031174100 327 $a1.Visual Mathematics -- 2.Numbers -- 3.Systems of Counting -- 4.Algebra -- 5.Logic -- 6.Combinatorics -- 7.Probability -- 8.Modular Arithmetic -- 9.Trigonometry -- 10.Coordinate Systems -- 11.Determinants -- 12.Vectors -- 13.Complex Numbers -- 14.Matrices -- 15.Geometric Matrix Transforms -- 16.Calculus: Derivatives -- 17.Calculus: Integration -- 18.Area -- 19.Volume -- Appendix A -- Appendix B -- Index. 330 $aIn this third edition of Foundation Mathematics for Computer Science, John Vince has reviewed and edited the second edition, and added chapters on systems of counting, area and volume. These subjects complement the existing chapters on visual mathematics, numbers, algebra, logic, combinatorics, probability, modular arithmetic, trigonometry, coordinate systems, determinants, vectors, complex numbers, matrices, geometric matrix transforms, differential and integral calculus. During this journey, the author touches upon more esoteric topics such as quaternions, octonions, Grassmann algebra, Barrycentric coordinates, transfinite sets and prime numbers. John Vince describes a range of mathematical topics that provide a solid foundation for an undergraduate course in computer science, starting with a review of number systems and their relevance to digital computers, and finishing with calculating area and volume using calculus. Readers will find that the author?s visual approach should greatly improve their understanding as to why certain mathematical structures exist, together with how they are used in real-world applications. This third edition includes new, full-colour illustrations to clarify the mathematical descriptions, and in some cases, equations are also coloured to reveal vital algebraic patterns. The numerous worked examples will help consolidate the understanding of abstract mathematical concepts. Whether you intend to pursue a career in programming, scientific visualisation, artificial intelligence, systems design, or real-time computing, you should find the author?s literary style refreshingly lucid and engaging, and prepare you for more advanced texts. 606 $aComputer science?Mathematics 606 $aComputer graphics 606 $aMathematics of Computing 606 $aComputer Graphics 606 $aMathematical Applications in Computer Science 615 0$aComputer science?Mathematics. 615 0$aComputer graphics. 615 14$aMathematics of Computing. 615 24$aComputer Graphics. 615 24$aMathematical Applications in Computer Science. 676 $a004.0151 700 $aVince$b John $0564065 801 0$bMiAaPQ 801 1$bMiAaPQ 801 2$bMiAaPQ 912 $a996546839203316 996 $aFoundation Mathematics for Computer Science$92257607 997 $aUNISA